[Event "IECC CL5-2000.07"]
[Site "IECC email"]
[Date "2000.01.01"]
[Round "?"]
[White "Washburn, David"]
[Black "Hawk, June"]
[Result "0-1"]
[WhiteElo "1548"]
[BlackElo "1478"]
[PlyCount "78"]
[EventDate "2000.??.??"]
[EventType "tourn (corr)"]
[EventRounds "4"]
[SourceTitle "Corr 2008"]
[Source "ChessBase"]
[SourceDate "2008.06.24"]
[SourceVersion "1"]
[SourceVersionDate "2008.06.24"]
[SourceQuality "1"]

1. c4 Nf6 2. Nc3 e5 3. g3 Bb4 4. Bg2 0-0 5. Qb3 Na6 6. e3 Re8 7. Nge2 c6 8. 0-0 Ba5 9. d4 d6 10. a3 Bc7 11. e4 Qe7 12. Bg5 h6 13. dxe5 Qxe5 14. Bxf6 Qxf6 15. Qc2 Be6 16. b3 Re7 17. Rad1 Rae8 18. h3 Qg6 19. Nf4 Qg5 20. Nxe6 Rxe6 21. b4 Bb6 22. Rd3 h5 23. h4 Qh6 24. Na4 Bc7 25. b5 Nb8 26. f4 Nd7 27. bxc6 bxc6 28. Kh1 Nf6 29. c5 Nxe4 30. f5 Re5 31. Bxe4 Rxe4 32. cxd6 Bxd6 33. Qxc6 Re1 34. Kg2 R8e2+ 35. Kg1 Bxg3 36. Qc8+ Kh7 37. Rxg3 Qf4 38. Rxg7+ Kxg7 39. Qc3+ f6 0-1

[Event "IECC TH-M email"]
[Site "IECC email"]
[Date "1999.07.21"]
[Round "?"]
[White "Winkel, Bjarne"]
[Black "Hawk, June"]
[Result "1-0"]
[WhiteElo "1377"]
[BlackElo "1299"]
[PlyCount "45"]
[EventDate "1999.??.??"]
[EventType "match (corr)"]
[EventRounds "2"]
[SourceTitle "Corr 2008"]
[Source "ChessBase"]
[SourceDate "2008.06.24"]
[SourceVersion "1"]
[SourceVersionDate "2008.06.24"]
[SourceQuality "1"]

1. e4 e5 2. Nf3 f5 3. Bc4 Nf6 4. Ng5 d5 5. exd5 Nxd5 6. d4 Nb6 7. Qh5+ g6 8. Bf7+ Kd7 9. Qe2 Bg7 10. dxe5 Ke7 11. Be3 Na6 12. Nc3 Kf8 13. Bb3 Qe7 14. 0-0-0 Bd7 15. Bxb6 axb6 16. Rxd7 Qxd7 17. Ne6+ Ke8 18. Rd1 Qf7 19. Nd5 Qxe6 20. Nf6+ Bxf6 21. Bxe6 Bg5+ 22. Kb1 Ke7 23. Bxf5 1-0

[Event "IECC Swiss email"]
[Site "IECC email"]
[Date "1999.07.16"]
[Round "?"]
[White "Hawk, June"]
[Black "Polaszek, Arkadiusz"]
[Result "1-0"]
[WhiteElo "1345"]
[BlackElo "1768"]
[PlyCount "119"]
[EventDate "1999.??.??"]
[EventType "tourn (corr)"]
[EventRounds "6"]
[SourceTitle "Corr 2008"]
[Source "ChessBase"]
[SourceDate "2008.06.24"]
[SourceVersion "1"]
[SourceVersionDate "2008.06.24"]
[SourceQuality "1"]

1. e4 e5 2. Bc4 Nf6 3. Nf3 Nc6 4. Ng5 d5 5. exd5 Nd4 6. d6 Qxd6 7. Bxf7+ Ke7 8. Bb3 Nxb3 9. axb3 h6 10. Nf3 e4 11. Qe2 Kf7 12. Ng1 Qc6 13. Qc4+ Qxc4 14. bxc4 Bc5 15. Ne2 Be6 16. b3 Rad8 17. Bb2 Rhe8 18. h3 a6 19. 0-0 Bd7 20. Ng3 Bc6 21. Re1 Bb4 22. Re2 Re7 23. Nc3 Red7 24. Rd1 Bc5 25. Nb1 Bd4 26. Bxd4 Rxd4 27. Nf5 R4d7 28. Ne3 g5 29. Rf1 h5 30. Kh2 Ke6 31. h4 g4 32. Rd1 Nh7 33. Nd5 Nf6 34. Nb4 Kd6 35. Kg3 Kc5 36. Nxc6 Kxc6 37. Nc3 Rd4 38. Kf4 Kd6 39. Ra1 Rf8 40. Ra5 c5 41. Kg3 Kc6 42. Na4 Nd7 43. Nb2 Nb8 44. d3 exd3 45. Nxd3 b6 46. Ra1 Rf5 47. Rae1 Nd7 48. Re6+ Kc7 49. R1e3 Rf6 50. Re7 Rf5 51. c3 Rd6 52. Nf4 Kc6 53. Nd5 Rh6 54. R3e6+ Rxe6 55. Rxe6+ Kb7 56. Rh6 Re5 57. Rd6 Kc8 58. Nxb6+ Nxb6 59. Rxb6 a5 60. Ra6 1-0

[Event "IECC TH-M email"]
[Site "IECC email"]
[Date "1999.07.15"]
[Round "?"]
[White "Hawk, June"]
[Black "Fuhrmann, Andreas"]
[Result "1/2-1/2"]
[WhiteElo "1374"]
[BlackElo "1577"]
[PlyCount "62"]
[EventDate "1999.??.??"]
[EventType "match (corr)"]
[EventRounds "2"]
[SourceTitle "Corr 2008"]
[Source "ChessBase"]
[SourceDate "2008.06.24"]
[SourceVersion "1"]
[SourceVersionDate "2008.06.24"]
[SourceQuality "1"]

1. e4 c5 2. Nf3 Nc6 3. d4 cxd4 4. Nxd4 Nf6 5. Nc3 e5 6. Ndb5 d6 7. Bg5 a6 8. Na3 b5 9. Nd5 Be7 10. Nxe7 Nxe7 11. Bd3 Bb7 12. Qe2 Nd7 13. c4 b4 14. Nc2 a5 15. 0-0 Nc5 16. f4 Qb6 17. Kh1 f6 18. Bh4 exf4 19. Rad1 Ng6 20. Qg4 0-0 21. Bf2 Bc8 22. Qh5 Ne5 23. Be2 Qc6 24. Bxc5 dxc5 25. Rxf4 Ng6 26. Rf2 Be6 27. Ne3 Rad8 28. Nd5 Rfe8 29. Bd3 Ne5 30. Bc2 Qc8 31. Rfd2 Bxd5 1/2-1/2

[Event "IECC TH-M email"]
[Site "IECC email"]
[Date "1999.07.15"]
[Round "?"]
[White "Hawk, June"]
[Black "Jewell, Barry"]
[Result "1-0"]
[WhiteElo "1463"]
[BlackElo "1455"]
[PlyCount "73"]
[EventDate "1999.??.??"]
[EventType "match (corr)"]
[EventRounds "2"]
[SourceTitle "Corr 2008"]
[Source "ChessBase"]
[SourceDate "2008.06.24"]
[SourceVersion "1"]
[SourceVersionDate "2008.06.24"]
[SourceQuality "1"]

1. d4 Nf6 2. c4 c5 3. d5 e6 4. Nc3 exd5 5. cxd5 d6 6. Nf3 g6 7. e4 Bg7 8. b4 cxb4 9. Qa4+ Bd7 10. Qxb4 Qe7 11. Bd3 0-0 12. Qxb7 Nxe4 13. Nxe4 Bxa1 14. 0-0 Be5 15. Qxa8 f5 16. Bh6 Rc8 17. Nxe5 fxe4 18. Bg5 Qxe5 19. Bxe4 Qxg5 20. Qxa7 Bb5 21. Re1 Qd2 22. Qe3 Qxe3 23. fxe3 Nd7 24. Bf3 Rc2 25. Rb1 Ba6 26. a4 Nc5 27. Rb6 Ra2 28. Rxd6 Nd3 29. h3 Rxa4 30. Rd8+ Kg7 31. Rd7+ Kf6 32. Rxh7 Ne5 33. Kf2 Nf7 34. e4 Bd3 35. Ke3 Ng5 36. Rh4 Bb1 37. e5+ 1-0